The Fountain of Youth Countries Quiz Stats

 Plays Quiz not verified by Sporcle

Challenge
Share
Tweet
Embed
Score 0/30 Timer 05:00
0 Plays Today
# Country % Correct
1Uganda
93.2%
5Chad
93.2%
15Somalia
93.2%
27Rwanda
93.2%
5Ethiopia
91.8%
29Kenya
91.8%
2Niger
90.4%
5Mozambique
90.4%
23Sudan
90.4%
12Democratic Republic of the Congo
89%
17Angola
89%
3Mali
87.7%
27Eritrea
87.7%
16Senegal
86.3%
19Madagascar
84.9%
# Country % Correct
21Zimbabwe
83.6%
23Tanzania
83.6%
4Zambia
82.2%
8Burkina Faso
82.2%
11Malawi
82.2%
8Burundi
80.8%
25Guinea
80.8%
12Benin
79.5%
19Afghanistan
76.7%
21Liberia
76.7%
10Republic of the Congo
76.7%
17Yemen
74%
30Comoros
72.6%
25Gabon
69.9%
14Sao Tome and Principe
61.6%

You're not logged in!

Compare scores with friends on all Sporcle quizzes.
Join for Free
OR
Log In

You Might Also Like...

Show Comments

Extras

Top Quizzes Today


Score Distribution

Your Account Isn't Verified!

In order to create a playlist on Sporcle, you need to verify the email address you used during registration. Go to your Sporcle Settings to finish the process.

Report this User

Report this user for behavior that violates our Community Guidelines.

Details: